| 000 | 00592 a2200181 4500 | ||
|---|---|---|---|
| 020 | _a007291873X | ||
| 040 |
_aDLC _bDLC |
||
| 100 | 1 | _aChapra, Steven C. | |
| 245 | 1 | 0 |
_aNumerical methods for engineers _cSteven C. Chapra, Raymond P. Canale. |
| 260 |
_aNew Delhi : _bTata McGraw-Hill, _c2006. |
||
| 300 |
_axvii, 773 p. : _bill. ; _c24 cm. |
||
| 500 | _aIncludes index. | ||
| 650 | 0 |
_aEngineering mathematics _xData processing. |
|
| 650 | 0 |
_aNumerical calculations _xData processing. |
|
| 650 | 0 |
_aMicrocomputers _xProgramming. |
|
| 700 | 1 | _aCanale, Raymond P. | |
| 942 |
_cBK _k518.02462 CHA _2ddc |
||
| 999 |
_c10119 _d10119 |
||